Európska námorná doprava na globalizovaných trhoch
Európska únia a jej členské štáty majú spoločný záujem na podpore bezpečnej a účinnej európskej a medzinárodnej námornej dopravy. Strategické ciele a odporúčania pre európsku vodnú dopravu a systém európskej námornej dopravy s výhľadom do roku 2018 predstavujú víziu ako tieto zámery dosiahnuť.
Salvato in:
| Autore principale: | |
|---|---|
| Altri autori: | |
| Natura: | Capitolo di libro |
| Lingua: | slovacco |
| Soggetti: | |
| Tags: |
Nessun Tag, puoi essere il primo ad aggiungerne!!
|
MARC
| LEADER | 00000nla a2200000 4500 | ||
|---|---|---|---|
| 001 | 0161277 | ||
| 005 | 20221103130635.2 | ||
| 041 | 0 | |a slo | |
| 044 | |a SK | ||
| 245 | 1 | 0 | |a Európska námorná doprava na globalizovaných trhoch |c Jarmila Sosedová, Ján Šlesinger |
| 520 | |a Európska únia a jej členské štáty majú spoločný záujem na podpore bezpečnej a účinnej európskej a medzinárodnej námornej dopravy. Strategické ciele a odporúčania pre európsku vodnú dopravu a systém európskej námornej dopravy s výhľadom do roku 2018 predstavujú víziu ako tieto zámery dosiahnuť. | ||
| 610 | 2 | 0 | |a Európa |
| 610 | 2 | 0 | |a doprava námorná |
| 610 | 2 | 0 | |a doprava vodná |
| 610 | 2 | 0 | |a linky námorné |
| 610 | 2 | 0 | |a lode |
| 610 | 2 | 0 | |a loďstvo |
| 610 | 2 | 0 | |a plavidlá |
| 610 | 2 | 0 | |a prístavy |
| 610 | 2 | 0 | |a služby dopravné |
| 100 | 1 | |a Sosedová, Jarmila | |
| 700 | 1 | |a Šlesinger, Ján | |